| 000 -LEADER |
| fixed length control field |
03447cam a2200385 a 4500 |
| 001 - CONTROL NUMBER |
| control field |
17494795 |
| 003 - CONTROL NUMBER IDENTIFIER |
| control field |
Nust |
| 005 - DATE AND TIME OF LATEST TRANSACTION |
| control field |
20170406130306.0 |
| 008 - FIXED-LENGTH DATA ELEMENTS--GENERAL INFORMATION |
| fixed length control field |
121015s2010 dcua bf 000 0 eng d |
| 010 ## - LIBRARY OF CONGRESS CONTROL NUMBER |
| LC control number |
2012471379 |
| 020 ## - INTERNATIONAL STANDARD BOOK NUMBER |
| International Standard Book Number |
9781560514770 (set : pbk.) |
| 020 ## - INTERNATIONAL STANDARD BOOK NUMBER |
| International Standard Book Number |
1560514779 (set : pbk.) |
| 035 ## - SYSTEM CONTROL NUMBER |
| System control number |
(OCoLC)ocn645094631 |
| 040 ## - CATALOGING SOURCE |
| Original cataloging agency |
FHATR |
| Language of cataloging |
eng |
| Transcribing agency |
FHATR |
| Modifying agency |
FHATR |
| -- |
JCR |
| -- |
YDXCP |
| -- |
OCLCQ |
| -- |
DMY |
| -- |
MUU |
| -- |
DLC |
| 042 ## - AUTHENTICATION CODE |
| Authentication code |
lccopycat |
| 043 ## - GEOGRAPHIC AREA CODE |
| Geographic area code |
n-us--- |
| 050 00 - LIBRARY OF CONGRESS CALL NUMBER |
| Classification number |
HE5614.2 |
| Item number |
.H5298 2010 |
| 082 ## - DEWEY DECIMAL CLASSIFICATION NUMBER |
| Classification number |
363.125 AAS |
| 245 00 - TITLE STATEMENT |
| Title |
Highway safety manual / |
| Statement of responsibility, etc. |
American Association of State Highway and Transportation Officials. |
| 246 1# - VARYING FORM OF TITLE |
| Title proper/short title |
HSM |
| 250 ## - EDITION STATEMENT |
| Edition statement |
Volume - 2.; 2nd Edition |
| 260 ## - PUBLICATION, DISTRIBUTION, ETC. |
| Place of publication, distribution, etc. |
Washington, D.C. : |
| Name of publisher, distributor, etc. |
American Association of State Highway and Transportation Officials, |
| Date of publication, distribution, etc. |
c2010. |
| 300 ## - PHYSICAL DESCRIPTION |
| Extent |
3 v. : |
| Other physical details |
ill. ; |
| Dimensions |
28 cm. |
| 500 ## - GENERAL NOTE |
| General note |
Performed by the Transportation Research Board Task Force on the Development of the Highway Safety Manual, the American Association of State Highway and Transportation Officials Joint Task Force on the Highway Safety Manual, and the National Cooperative Highway Research Program. |
| 504 ## - BIBLIOGRAPHY, ETC. NOTE |
| Bibliography, etc. note |
Includes bibliographical references. |
| 505 2# - FORMATTED CONTENTS NOTE |
| Formatted contents note |
Vol. 1 -- Part A. Introduction, Human Factors, and Fundamentals -- Part B. Roadway Safety Management Process -- Ch. 4. Network Screening -- Ch. 5. Diagnosis -- Ch. 6. Select Countermeasures -- Ch. 7. Economic Appraisal -- Ch. 8. Prioritize Projects -- Ch. 9. Safety Effectiveness Evaluation -- Vol 2. -- Part C. Predictive Method -- Ch. 10. Predictive Method for Rural Two-Lane, Two-Way Roads -- Ch. 11. Predictive Method for Rural Multilane Highways -- Ch. 12. Predictive Method for Urban and Suburban Arterials -- Vol. 3. -- Part D. Crash Modification Factors -- Ch. 13. Roadway Segments -- Ch. 14. Intersections -- Ch. 15. Interchanges -- Ch. 16. Special Facilities and Geometric Situations -- Ch. 17. Road Networks. |
| 520 ## - SUMMARY, ETC. |
| Summary, etc. |
"The Highway Safety Manual (HSM) is a resource that provides safety knowledge and tools in a useful form to facilitate improved decision making based on safety performance. The focus of the HSM is to provide quantitative information for decision making. The HSM assembles currently available information and methodologies on measuring, estimating and evaluating roadways in terms of crash frequency (number of crashes per year) and crash severity (level of injuries due to crashes). The HSM presents tools and methodologies for consideration of 'safety' across the range of highway activities: planning, programming, project development, construction, operations, and maintenance. The purpose of this is to convey present knowledge regarding highway safety information for use by a broad array of transportation professionals"--P. xxiii. |
| 650 #0 - SUBJECT ADDED ENTRY--TOPICAL TERM |
| Topical term or geographic name entry element |
Traffic safety |
| Geographic subdivision |
United States |
| Form subdivision |
Handbooks, manuals, etc. |
| 650 #0 - SUBJECT ADDED ENTRY--TOPICAL TERM |
| Topical term or geographic name entry element |
Roads |
| Geographic subdivision |
United States |
| General subdivision |
Safety measures |
| Form subdivision |
Handbooks, manuals, etc. |
| 650 #7 - SUBJECT ADDED ENTRY--TOPICAL TERM |
| Topical term or geographic name entry element |
Highway safety. |
| Source of heading or term |
trt |
| 710 2# - ADDED ENTRY--CORPORATE NAME |
| Corporate name or jurisdiction name as entry element |
National Research Council (U.S.). |
| Subordinate unit |
Task Force on the Development of the Highway Safety Manual. |
| 710 2# - ADDED ENTRY--CORPORATE NAME |
| Corporate name or jurisdiction name as entry element |
American Association of State Highway and Transportation Officials. |
| Subordinate unit |
Joint Task Force on the Highway Safety Manual. |
| 710 2# - ADDED ENTRY--CORPORATE NAME |
| Corporate name or jurisdiction name as entry element |
National Cooperative Highway Research Program. |
| 856 42 - ELECTRONIC LOCATION AND ACCESS |
| Uniform Resource Identifier |
<a href="http://www.highwaysafetymanual.org/Pages/default.aspx">http://www.highwaysafetymanual.org/Pages/default.aspx</a> |
| 906 ## - LOCAL DATA ELEMENT F, LDF (RLIN) |
| a |
7 |
| b |
cbc |
| c |
copycat |
| d |
2 |
| e |
ncip |
| f |
20 |
| g |
y-gencatlg |
| 942 ## - ADDED ENTRY ELEMENTS (KOHA) |
| Source of classification or shelving scheme |
|
| Koha item type |
Book |